Metodologické problémy účtovného a daňového zobrazenia kontraaktívnych položiek v zmysle národnej právnej úpravy diplomová práca

Gespeichert in:
Bibliographische Detailangaben
1. Verfasser: Lednická, Ľubomíra
Körperschaft: Fakulta hospodárskej informatiky EU. Katedra účtovníctva a audítorstva
Weitere Verfasser: Vašeková, Miroslava, 1978-
Format: Buch
Sprache:Slowakisch
Veröffentlicht: Bratislava 2010
Tags: Tag hinzufügen
Keine Tags, Fügen Sie das erste Tag hinzu!

MARC

LEADER 00000nam$a2200000$$$4500
001 0119411
005 20240318122710.7
041 0 |a slo 
044 |a SK 
245 1 0 |a Metodologické problémy účtovného a daňového zobrazenia kontraaktívnych položiek v zmysle národnej právnej úpravy  |b diplomová práca  |c Ľubomíra Lednická ; škol. Miroslava Vašeková 
264 1 |a Bratislava  |c 2010 
300 |a 76 s. 
100 1 |a Lednická, Ľubomíra 
700 1 |a Vašeková, Miroslava, 1978- 
710 2 |a Fakulta hospodárskej informatiky EU. Katedra účtovníctva a audítorstva